[Event "phystutordotcom"]
[Site "http://www.queenalice.com/game.php?id=298165"]
[Date "2007.11.4"]
[Round "2"]
[White "txukahamae"]
[Black "kyuss"]
[Result "1-0"]
[WhiteElo "1757"]
[BlackElo "1672"]

1. d4 Nf6 2. c4 e6 3. Nc3 Bb4 4. Qc2 O-O 5. a3 Bxc3+ 6. Qxc3 b6 7. Bg5 Bb7 8. e3
d5 9. Nf3 h6 10. Bh4 g5 11. Bg3 c5 12. cxd5 Ne4 13. Qc2 exd5 14. Ne5 cxd4 15.
exd4 Nd7 16. Bd3 Rc8 17. Qb1 Nxe5 18. Bxe5 f6 19. Bg3 Re8 20. O-O Nd2 21. Qd1
Nxf1 22. Qxf1 Re7 23. Re1 Rxe1 24. Qxe1 Qe8 25. Qxe8+ Rxe8 26. h3 1-0

[Event "AUTO-OPEN-896"]
[Site "http://www.queenalice.com/game.php?id=301055"]
[Date "2007.11.9"]
[Round "1"]
[White "leinad3"]
[Black "kyuss"]
[Result "0-1"]
[WhiteElo "1547"]
[BlackElo "1726"]

1. e4 e5 2. Nc3 Nc6 3. Nf3 Nf6 4. Bb5 Bb4 5. Bxc6 dxc6 6. Qe2 Bg4 7. Qe3 Bxf3 8.
Qxf3 Qd4 9. O-O O-O-O 10. a3 Bxc3 11. dxc3 Qxe4 12. Qg3 Rhe8 13. Bg5 Qxc2 14.
Qf3 Re6 15. Rad1 Qxb2 16. Rb1 Qxa3 17. Ra1 Qc5 18. Be3 Qxc3 19. Rxa7 Qc2 20. g4
Qg6 21. h3 h5 22. g5 Rd3 23. Kh2 Nd5 24. Ra8+ Kd7 25. Rh8 Nxe3 26. fxe3 f6 27.
Rxh5 e4 28. Qe2 Rxe3 0-1

[Event "AUTO-OPEN-896"]
[Site "http://www.queenalice.com/game.php?id=301056"]
[Date "2007.11.9"]
[Round "1"]
[White "kyuss"]
[Black "leinad3"]
[Result "1-0"]
[WhiteElo "1718"]
[BlackElo "1526"]

1. d4 d5 2. c4 Nc6 3. Nc3 e6 4. e3 Bb4 5. Nf3 Bxc3+ 6. bxc3 Nf6 7. Bd3 Qe7 8.
cxd5 Nxd5 9. Qc2 f5 10. O-O g5 11. e4 Nf4 12. exf5 Bd7 13. Bxf4 gxf4 14. d5
O-O-O 15. fxe6 Be8 16. dxc6 Bxc6 17. Be4 Bb5 18. Rfd1 Rxd1+ 19. Rxd1 Qe8 20. c4
Ba4 21. Qb2 b6 22. Rd2 Rf8 23. Qg7 1-0

[Event "AUTO-OPEN-896"]
[Site "http://www.queenalice.com/game.php?id=301065"]
[Date "2007.11.9"]
[Round "1"]
[White "technicaldraw"]
[Black "kyuss"]
[Result "0-1"]
[WhiteElo "2045"]
[BlackElo "1659"]

1. e4 e5 2. Nf3 Nc6 3. Bb5 Nf6 4. O-O Nxe4 5. d4 f6 6. Re1 d5 7. dxe5 Bc5 8. Be3
Bxe3 9. Rxe3 O-O 10. Bxc6 bxc6 11. Nc3 Nxc3 12. Rxc3 Bg4 13. h3 Bxf3 14. Rxf3
fxe5 15. Rg3 Qf6 16. Rf3 Qh4 17. c3 Qc4 18. b3 Qh4 19. Rg3 Rxf2 20. Rf3 Rb2 21.
Qf1 Qg5 22. Re1 Rxa2 23. Rf5 Rxg2+ 24. Qxg2 Qxf5 25. Qe2 e4 26. Rf1 Qxh3 0-1

[Event "AUTO-OPEN-896"]
[Site "http://www.queenalice.com/game.php?id=301066"]
[Date "2007.11.9"]
[Round "1"]
[White "kyuss"]
[Black "technicaldraw"]
[Result "1-0"]
[WhiteElo "1689"]
[BlackElo "2019"]

1. d4 Nf6 2. Nc3 d5 3. Nf3 g6 4. Bg5 Bg7 5. e3 O-O 6. Ne5 c6 7. Be2 Nbd7 8. Nf3
Re8 9. O-O e5 10. a4 e4 11. Nd2 Qb6 12. Qc1 c5 13. a5 Qe6 14. Nb5 Qc6 15. c4
dxc4 16. Bxc4 a6 17. Nc3 cxd4 18. exd4 h6 19. Bf4 Nh5 20. Bd5 Qf6 21. Be3 Qh4
22. Ndxe4 Ndf6 23. Nd6 Ng4 24. Bxf7+ Kh7 25. Bxg6+ Kh8 26. h3 Rxe3 27. hxg4 Bxg4
28. Qxe3 Nf6 29. Qe7 1-0

[Event "recuperação"]
[Site "http://www.queenalice.com/game.php?id=311621"]
[Date "2007.11.28"]
[Round "-"]
[White "marcelogirotto"]
[Black "kyuss"]
[Result "0-1"]
[WhiteElo "1320"]
[BlackElo "1745"]

1. d3 d5 2. Bf4 Nc6 3. Nh3 Bxh3 4. gxh3 e5 5. Bg3 Nf6 6. f3 g6 7. Qd2 Bg7 8. e3
O-O 9. Na3 d4 10. h4 h5 11. Nc4 b5 12. Nxe5 dxe3 13. Qxe3 Nxe5 14. Bxe5 Re8 15.
d4 Nd5 16. Qe4 f5 17. Qd3 Bxe5 18. dxe5 Rxe5+ 19. Be2 Nf4 20. Qb3+ Kh7 21. Qf7+
Kh6 22. c4 Rxe2+ 23. Kf1 Qd3 0-1